| 000 | 00389nam a22001577a 4500 | ||
|---|---|---|---|
| 005 | 20250310032507.0 | ||
| 008 | 250310b |||||||| |||| 00| 0 eng d | ||
| 020 | _a9552101999 | ||
| 082 |
_222 _a891 _bANN |
||
| 100 | _aToster, L | ||
| 245 | _aAnna Karenina | ||
| 260 |
_aNugegoda _bM.D.Gunasena & co _c1992 |
||
| 300 | _axi, 475 p ., | ||
| 500 | _aNovel based on Anna Karenina | ||
| 942 | _cL | ||
| 999 |
_c5990 _d5990 |
||